000 00504nam a22001812 4500
001 0000009436
005 20151217160120.0
008 081028s xx 000 0 eng d
020 _a0333615948 :
_cKES 262.50
040 _aKABU
_cKABU
100 1 _aAsabuhi, Damian.
_@0000160906
245 1 0 _aFast-track Willie /
_cDamian Asabuhi.
260 _aOxford :
_bMacmillan Education,
_c1994.
300 _a100 p.
908 _a081028
950 _@1
999 _c14481
_d14481